01013nabaa22001937a 4500999001500000003000400015005001700019008004100036040000700077100003500084245012600119300001200245500003700257505027300294505008900567650003200656773011800688942001300806 c6172d6172OSt20260123231829.0190701b xxu||||| |||| 00| 0 spa d cPJ 96913aPlaza, Martín Ignacio 13aLa región, una herramienta constitucional de desarrollo :bel caso de la región del litio /cMartín Ignacio Plaza.  ap. 3-22 aCita: TR LALEY AR/DOC/1111/2024  aSumario: I. Introducción.— II. La región, su naturaleza constitucional.— III. Antecedentes históricos de la idea de región en el noroeste argentino.— IV. La región de litio, sus particularidades.— V. Propuesta de organización.— VI. Conclusiones.  t¿Te interesa el texto completo? Comunicate al correo: koha@justierradelfuego.gov.ar 09211aDERECHO ADMINISTRATIVO0 0284293251dBuenos Aires : AbeledoPerrot, 2012-oDA121tDerecho administrativo. Nº 153 mayo/junio 2024z18510590 2udccANA